000 00741nam a2200253 i 4500
001 C2-0143848
003 PPAK
005 20180727130147.0
008 980118s1982 enk |||| ||||| | eng d
020 _a0333286170
040 _aPPAK
_beng
_cPPAK
_erda
082 0 4 _a332.4959
_223
090 0 0 _a332.4959
_bLEE
_dR
100 1 _aLee, Sheng-Yi,
_eauthor
245 1 0 _aFinancial structures and monetary policies in Southeast Asia
264 1 _aLondon :
_bMacmillan ,
_c1982
300 _axiv, 338 pages ;
_c22 cm
336 _2rdacontent
_atext
337 _2rdamedia
_aunmediated
338 _2rdacarrier
_avolume
650 1 0 _aFinance - Asia, Southeastern ; Monetary policy - Asia, Southeastern
700 _eauthor
942 _ddc
_cB
999 _c45270
_d45270